000 nam a22 7a 4500
999 _c3679
_d3679
005 20170523151337.0
008 170523b1997 ohu||||| |||| 00| 0 eng d
020 _a1581800649
040 _aAKMAL
082 _a686.2252 HAL
090 _a686.2252
_bHAL
100 1 _aHaller, Lynn,
_d1965-
_97275
245 1 0 _aCreative edge :
_bPage design /
_cLynn Haller
260 _aCincinnati, Ohio :
_bNorth Light Books,
_cc1998.
300 _a144 p. :
_b col. ill. ;
_c29 cm
490 1 _aCreative edge
500 _a Includes index.
650 0 _aLayout (Printing)
_97276
830 0 _aCreative edge series.
_97277
942 _2ddc
_cBOOK